[Event "Gatineau Equipes"]
[Site "Gatineau"]
[Date "2015.10.20"]
[Round "1"]
[White "Lagace, Jean Pierre"]
[Black "Arcand, Pierre"]
[Result "0-1"]
[WhiteElo "922"]
[BlackElo "1089"]
[PlyCount "82"]
[EventDate "2015.10.20"]
[EventType "team-swiss"]
[EventRounds "3"]
[EventCountry "CAN"]
[SourceTitle "EXT 2022"]
[Source "ChessBase"]
[SourceDate "2021.10.06"]
[SourceVersion "1"]
[SourceVersionDate "2021.10.06"]
[SourceQuality "1"]

1. Nf3 e6 2. e4 Nf6 3. Bc4 Nxe4 4. d3 Nf6 5. Nc3 Be7 6. 0-0 d5 7. Bb3 b6 8. Ne2 Ba6 9. Nfd4 c5 10. Ba4+ Nfd7 11. Nc6 Nxc6 12. Bxc6 Rc8 13. Ba4 b5 14. Bb3 c4 15. dxc4 dxc4 16. Qd4 Bf6 17. Qxa7 Ra8 18. Qe3 cxb3 19. Qxb3 0-0 20. c3 b4 21. Re1 Bxe2 22. Rxe2 bxc3 23. bxc3 Nc5 24. Qc2 Na4 25. Re3 Bxc3 26. Rb1 Qa5 27. Rh3 f5 28. Qe2 Qa6 29. Re3 Qxe2 30. Rxe2 Rae8 31. Bf4 Kf7 32. Rd1 Rd8 33. Bd2 Bxd2 34. Rexd2 Rxd2 35. Rxd2 Ra8 36. Rc2 Kf6 37. f4 g6 38. h4 h5 39. g3 Nb6 40. Kf2 Nd7 41. Rc7 Nf8 0-1

[Event "Gatineau Loisirs-B"]
[Site "Gatineau"]
[Date "2014.11.11"]
[Round "4"]
[White "Legare, Gilles"]
[Black "Lagace, Jean Pierre"]
[Result "1-0"]
[WhiteElo "1039"]
[BlackElo "1026"]
[PlyCount "55"]
[EventDate "2014.10.21"]
[EventType "swiss"]
[EventRounds "4"]
[EventCountry "CAN"]
[SourceTitle "EXT 2016"]
[Source "ChessBase"]
[SourceDate "2015.10.08"]
[SourceVersion "1"]
[SourceVersionDate "2015.10.08"]
[SourceQuality "1"]

1. e4 e5 2. Nf3 Nf6 3. Nc3 c6 4. Nxe5 d6 5. Nf3 Be7 6. d4 d5 7. e5 Ng4 8. Bf4 Nd7 9. h3 Nh6 10. Be2 Nb6 11. b3 Be6 12. Bxh6 gxh6 13. Qd2 Bg5 14. Nxg5 hxg5 15. Bg4 Qe7 16. Qd3 0-0-0 17. 0-0 h5 18. Bf5 h4 19. Na4 Rdg8 20. Nc5 Qe8 21. a4 Rf8 22. a5 Nd7 23. b4 a6 24. Na4 f6 25. Bg6 Qe7 26. Nc5 Nxc5 27. bxc5 fxe5 28. Rab1 1-0

[Event "Gatineau Benevoles-C"]
[Site "Gatineau"]
[Date "2014.09.09"]
[Round "1"]
[White "Lagace, Jean Pierre"]
[Black "Pilon, Robert"]
[Result "0-1"]
[WhiteElo "1227"]
[BlackElo "1465"]
[PlyCount "42"]
[EventDate "2014.09.09"]
[EventType "swiss"]
[EventRounds "5"]
[EventCountry "CAN"]
[SourceTitle "EXT 2016"]
[Source "ChessBase"]
[SourceDate "2015.10.08"]
[SourceVersion "1"]
[SourceVersionDate "2015.10.08"]
[SourceQuality "1"]

1. e3 d5 2. Nc3 e5 3. Nf3 Nc6 4. g3 Bg4 5. Bg2 e4 6. Ne2 exf3 7. h3 fxg2 8. Rh2 g1Q+ 9. Nxg1 Bxd1 10. Kxd1 Qf6 11. f4 Qg6 12. g4 Nf6 13. d3 Bc5 14. Kd2 0-0-0 15. a3 Rde8 16. Ne2 Bxe3+ 17. Ke1 Bxc1 18. Rxc1 Re3 19. f5 Qh6 20. Kd1 Rhe8 21. Nd4 Re1# 0-1